| 000 | 00385 a2200133 4500 | ||
|---|---|---|---|
| 082 | _a382 | ||
| 090 |
_c1387 _d1387 |
||
| 100 | _aRichard E. Caves | ||
| 245 |
_aWorld Trade and Payments _bAn Intruduction _cRichard E. Caves _hJeffrey A. Frankel _nRonald W. Jones |
||
| 250 | _a7th | ||
| 260 |
_aIslamabad, Pakistan _bNational Book Foundation |
||
| 300 | _a780 | ||
| 942 |
_aNBS _cBK _k382 CAV |
||
| 999 |
_c343909 _d343909 |
||